000 00491nam a22001697a 4500
003 BD-ChCU
005 20251130131445.0
008 251130b bg ||||| |||| 00| 0 ben d
040 _cBD-ChCU
082 _a510 STI
100 _aStanaitis , O.E.
_917167
245 _aAn introduction to sequences , series , and improper intergrals ./
_cO.E. Stanaitis .
260 _aSan Francis :
_bHolden -Day ,
_cC 1967
300 _avii , 210p
650 0 _aMathematics.
_917171
942 _2ddc
_cBK
_n0
999 _c109975
_d109975